মুক্তিপথের অগ্রদূত নেতাজি সুভাষ /

Bibliographische Detailangaben
Weitere Verfasser: ইসলাম, আশরাফুল (HerausgeberIn)
Format: Buch
Sprache:Bengali
Veröffentlicht: সাহিত্য বিলাস, ঢাকা : ২০২০.
Schlagworte:
Classic Catalogue: View this record in Classic Catalogue
LEADER 01922nam a22002897a 4500
001 44825
003 BD-DhAAL
005 20250921110704.0
008 250921t2020 bg a|||| |||| 00| 0 ben d
020 |a 9789848030516 
040 |a BD-DhAAL  |c BD-DhAAL 
041 |a ben 
082 |a 954.0350924  |2 23 
245 |a মুক্তিপথের অগ্রদূত নেতাজি সুভাষ /  |c সম্পাদক, আশরাফুল ইসলাম. 
246 |a Mukti pather agrodut 
260 |b ঢাকা :  |a সাহিত্য বিলাস,  |c ২০২০. 
300 |a ৩১৬ পৃষ্ঠা :  |b চিত্র ;  |c ২২ সে.মি. 
500 |a প্রথম প্রকাশ. 
526 |a RS (GenEd)  |x Tahseen H. Ali, PhD Assistant Professor and Assistant Dean, RS School of General Education BRAC University Course Name : Emergence of Bangladesh (EMB 101) 
541 |a Karim International  |e 44825, 44826 
600 |a Bose, Subhas Chandra,  |d 1897-1945.  |9 46725 
700 |a ইসলাম, আশরাফুল,  |e editor.  |9 59426 
852 |a Savar Campus Library  |c General Stacks 
942 |c BK  |2 ddc 
999 |c 47553  |d 47553 
952 |0 0  |1 0  |2 ddc  |4 0  |6 954_035092400000000_MUK  |7 0  |9 78229  |a SCL  |b SCL  |c GEN  |d 2025-09-18  |e Karim International  |g 528.00  |l 0  |o 954.0350924 MUK  |p 3020044825  |r 2025-09-18  |t 1  |v 1056.00  |w 2025-09-18  |y BK  |x Requisitioned by Tahseen H. Ali, PhD (Assistant Professor and Assistant Dean, RS School of General Education, BRAC University) for the course named- "Emergence of Bangladesh (EMB 101)" 
952 |0 0  |1 0  |2 ddc  |4 0  |6 954_035092400000000_MUK  |7 0  |9 78230  |a SCL  |b SCL  |c GEN  |d 2025-09-18  |e Karim International  |g 528.00  |l 0  |o 954.0350924 MUK  |p 3020044826  |r 2025-09-18  |t 2  |v 1056.00  |w 2025-09-18  |y BK  |x Requisitioned by Tahseen H. Ali, PhD (Assistant Professor and Assistant Dean, RS School of General Education, BRAC University) for the course named- "Emergence of Bangladesh (EMB 101)"